| Tag |
First Indicator |
Second Indicator |
Subfields |
| LEADER |
00000cam a2200000 4500 |
| 001 |
in00000036494 |
| 005 |
20151007060903.0 |
| 008 |
800626s1930 enka 00010 eng |
| 010 |
|
|
|a 31009356
|
| 035 |
|
|
|a (OCoLC)06465096
|
| 035 |
|
|
|9 AAD0485AM
|
| 040 |
|
|
|a DLC
|c TXA
|d UtOrBLW
|
| 049 |
|
|
|a TXAM
|c [52515]
|
| 050 |
|
0 |
|a TH845
|b .T8
|
| 082 |
0 |
|
|a 690.1
|
| 092 |
|
|
|a 690.1
|b T944m
|
| 100 |
1 |
|
|a Turner, Arthur David.
|
| 245 |
1 |
4 |
|a The mechanics of building ;
|b an outline of the mechanics of building construction for candidates for the R.I.B.A. examinations and for designers /
|c by Arthur D. Turner ...
|
| 264 |
|
1 |
|a London,
|a New York [etc.] :
|b Sir I. Pitman & sons, ltd.,
|c 1930.
|
| 300 |
|
|
|a ix, 149 pages including illustrations, tables, diagrams ;
|c 19 cm.
|
| 336 |
|
|
|a text
|b txt
|2 rdacontent
|
| 337 |
|
|
|a unmediated
|b n
|2 rdamedia
|
| 338 |
|
|
|a volume
|b nc
|2 rdacarrier
|
| 500 |
|
|
|a Errata slip mounted on page 49.
|
| 650 |
|
0 |
|a Building.
|
| 650 |
|
0 |
|a Structural analysis (Engineering)
|
| 999 |
|
|
|a MARS
|
| 999 |
f |
f |
|s db675339-1db7-34ef-b28b-73b52e514978
|i a8d2fe03-6be4-370f-aa80-189b9c5be55c
|t 0
|
| 952 |
f |
f |
|p ric
|a Texas A&M University
|b Rellis Campus
|c Joint Library Facility
|d Remote Storage
|t 0
|e TH845 .T8
|h Library of Congress classification
|i unmediated -- volume
|m A14801138374
|
| 998 |
f |
f |
|a TH845 .T8
|t 0
|l Remote Storage
|